The Stepford City Zone - Statistics

General Stats
  • This quiz has been taken 58 times
  • The average score is 9 of 9
Answer Stats
Connect Express Airlink Depots Sidings Answer % Correct
Yes Yes Yes Stepford Depot Stepford Central
100%
Yes Stepford Victoria
100%
Yes Yes Stepford East
98%
Yes City Hospital
95%
Yes Financial Quarter
95%
Yes Yes Yes St Helens Bridge
95%
Yes Whitefield Lido Siding Whitefield Lido
95%
Yes High Street
93%
Yes Stepford UFC
93%
No matching quizzes found
Score Distribution
Percent of People with Each Score
Percentile by Number Answered
Your Score History
You have not taken this quiz